[Event "ch-SER Qualification"]
[Site "Belgrade SER"]
[Date "2007.01.30"]
[Round "8"]
[White "Nestorovic,De"]
[Black "Todorovic,GN"]
[Result "1-0"]
[WhiteElo "2387"]
[BlackElo "2418"]

1.d4 Nf6 2.c4 e6 3.Nf3 b6 4.a3 c5 5.d5 Ba6 6.Qc2 exd5 7.cxd5 g6 8.Nc3 Bg7
9.g3 d6 10.a4 O-O 11.Bg2 Bb7 12.Nd2 Na6 13.O-O Nb4 14.Qb3 Re8 15.h3 Qd7 16.Rd1 Ba6
17.Nc4 Bxc4 18.Qxc4 a6 19.Qb3 b5 20.axb5 axb5 21.Rxa8 Rxa8 22.e4 Rb8 23.Bf1 Ne8
24.Be3 Nc7 25.Ra1 Nca6 26.Nxb5 Rxb5 27.Rxa6 Rb8 28.Ra5 Qd8 29.Ra7 h5 30.h4 Qe8
31.Bg2 Bd4 32.Bxd4 Nc6 33.Rb7 Rxb7 34.Qxb7 Nxd4 35.Qb6 Qe5 36.f4 Qe7 37.Qb8+ Kh7
38.e5 Nf5 39.Kh2  1-0

[Event "ch-CZE"]
[Site "Praha CZE"]
[Date "2007.02.09"]
[Round "4"]
[White "Voloshin,L"]
[Black "Babula,V"]
[Result "1/2-1/2"]
[WhiteElo "2446"]
[BlackElo "2584"]

1.d4 Nf6 2.Nf3 e6 3.c4 b6 4.a3 Ba6 5.e3 d5 6.Nbd2 Be7 7.b4 O-O 8.Bb2 c5 9.dxc5 bxc5
10.b5 Bb7 11.Be2 Nbd7 12.O-O Bd6 13.Qc2 Qe7 14.a4 Rfe8 15.Rfd1 Rad8 16.Rac1 Ng4
17.Nf1 Ngf6 18.N1d2 Ng4  1/2-1/2

[Event "ch-St Petersburg sf"]
[Site "St Petersburg RUS"]
[Date "2007.02.10"]
[Round "1"]
[White "Pankov,Ger"]
[Black "Urjubdshzirov,E"]
[Result "1-0"]
[WhiteElo "2321"]
[BlackElo "2163"]

1.d4 Nf6 2.Nf3 e6 3.c4 b6 4.a3 Ba6 5.Qc2 Bb7 6.Nc3 c5 7.d5 exd5 8.cxd5 Nxd5
9.Bg5 f6 10.Nxd5 Bxd5 11.O-O-O Be6 12.Bf4 d5 13.e4 d4 14.e5 Be7 15.exf6 gxf6
16.Bb5+ Kf7 17.Rhe1 Bd6 18.Bxd6 Qxd6 19.Rxe6 Qf4+ 20.Kb1 Kxe6 21.Qc4+ Ke7
22.Qd5 Nc6 23.Re1+ Ne5 24.Nxe5 fxe5 25.Rxe5+ Qxe5 26.Qxe5+ Kf7 27.Bc4+ Kg6
28.Qe6+ Kg5 29.h4+ Kxh4 30.Bd5  1-0

[Event "ch-St Petersburg sf"]
[Site "St Petersburg RUS"]
[Date "2007.02.14"]
[Round "5"]
[White "Serov,M"]
[Black "Nikitinyh,B"]
[Result "1-0"]
[WhiteElo "2275"]
[BlackElo "2266"]

1.d4 Nf6 2.c4 e6 3.Nf3 b6 4.a3 Bb7 5.Nc3 Be7 6.d5 O-O 7.e4 exd5 8.exd5 Re8
9.Be2 c6 10.O-O Na6 11.b4 Bd6 12.Bg5 Rc8 13.Bd3 cxd5 14.Nxd5 Bxd5 15.cxd5 Nc7
16.Bf5 Nb5 17.Qd3 Nc3 18.Bxh7+ Kf8 19.Bf5 Ne2+ 20.Kh1 Bf4 21.Bxf6 Qxf6 22.Bxd7 Rc3
23.Qh7 Rd8 24.Rae1 g6 25.Bb5 Rxd5 26.Rxe2 Rxb5 27.Rd1 Rh5 28.Re8+ Kxe8 29.Qg8+ Ke7
30.Qd8+  1-0

[Event "14th Belisce Metalis Open"]
[Site "Bizovac CRO"]
[Date "2007.02.22"]
[Round "1"]
[White "Mrkonjic,N"]
[Black "Marjanovic,Ma"]
[Result "1-0"]
[WhiteElo "2382"]
[BlackElo "1953"]

1.d4 Nf6 2.Nf3 e6 3.c4 b6 4.a3 Bb7 5.Nc3 d5 6.Bg5 Be7 7.e3 Nbd7 8.Rc1 c5
9.h3 O-O 10.cxd5 Nxd5 11.Bxe7 Qxe7 12.Be2 Rac8 13.O-O Rfd8 14.Qa4 a6 15.Nxd5 exd5
16.Qb3 c4 17.Qc2 b5 18.Nd2 Nf6 19.Bf3 a5 20.Ra1 h6 21.Rfc1 Nh7 22.g3 Ng5
23.Bg2 Rb8 24.Qc3 b4 25.Qc2 Qf6 26.h4 Ne6 27.axb4 axb4 28.Ra7 Rdc8 29.Rxb7 Rxb7
30.Bxd5 Ra7 31.Bxc4 Rb8 32.b3 Rba8 33.Qe4 Ra2 34.Rc2 Ra1+ 35.Kg2 Re8 36.Bd3 g6
37.Qc6 Qd8 38.Nf3 g5 39.d5 Kg7 40.Rd2 Nf8 41.Bb5 Re7 42.Nd4 Re5 43.Nf3 Re7
44.Qc4 f6 45.hxg5 hxg5 46.Nxg5 Rc7 47.Qd4 Rcc1 48.Nf3 Ng6 49.Qg4 Rab1 50.Nh4  1-0

[Event "14th Belisce Metalis Open"]
[Site "Bizovac CRO"]
[Date "2007.02.23"]
[Round "4"]
[White "Havas,L"]
[Black "Faddi,L"]
[Result "1-0"]
[WhiteElo "2304"]
[BlackElo "2109"]

1.d4 Nf6 2.c4 e6 3.Nf3 b6 4.a3 Bb7 5.Nc3 d5 6.cxd5 Nxd5 7.e3 Nxc3 8.bxc3 c5
9.Bb5+ Bc6 10.Bd3 Nd7 11.e4 Be7 12.O-O O-O 13.Qe2 Nf6 14.Bb2 c4 15.Bc2 b5
16.Ne5 Qc7 17.f4 Bb7 18.Rf3 Nd7 19.Nxd7 Qxd7 20.Rh3 f5 21.Re1 Rae8 22.Qh5 h6
23.Rg3 Bd8 24.Qxh6 Rf6 25.Qh5 fxe4 26.Bxe4 Bxe4 27.Rxe4 Rf5 28.Qe2 Bc7 29.Bc1 Qf7
30.Rf3 a6 31.Rf1 Bd6 32.g3 Re7 33.Re1 Rf6 34.Kg2 Kf8 35.Rf1 Ke8 36.Re1 Kd7
37.a4 Kc6 38.axb5+ axb5 39.d5+ Kd7 40.Qa2 exd5 41.Qa7+ Kd8 42.Qa8+ Kc7 43.Qa5+ Kc6
44.Qa6+ Kc7 45.Rxe7+ Bxe7 46.Qxb5 Rb6 47.Qa5 Bd6 48.Be3  1-0

[Event "14th Belisce Metalis Open"]
[Site "Bizovac CRO"]
[Date "2007.02.23"]
[Round "4"]
[White "Sertic,Ru"]
[Black "Mravunac,B"]
[Result "1-0"]
[WhiteElo "2346"]
[BlackElo "2148"]

1.d4 Nf6 2.c4 e6 3.Nf3 b6 4.a3 Bb7 5.Nc3 Be7 6.d5 O-O 7.e4 d6 8.Bd3 e5 9.O-O Nbd7
10.b4 a5 11.Rb1 axb4 12.axb4 h6 13.Nd2 Nh7 14.g3 g5 15.Kg2 Bc8 16.h4 Ndf6
17.hxg5 hxg5 18.Rh1 Bg4 19.Be2 Bxe2 20.Qxe2 Qd7 21.Nf1 Kg7 22.Ne3 Rg8 23.Nf5+ Kf8
24.f3 Ke8 25.Bb2 Nf8 26.Ra1 Rxa1 27.Rxa1 g4 28.Ra8+ Bd8 29.c5 gxf3+ 30.Qxf3 bxc5
31.bxc5 dxc5 32.Ba3 Ng6 33.d6 Qc6 34.d7+ Nxd7 35.Ra5 Qb6 36.Rb5 Qa6 37.Bc1 Nh4+
38.Nxh4 Bxh4 39.g4 Be1 40.Nd5 Qc6 41.Qf5 Kf8 42.Bg5 Rxg5 43.Qxg5 Qxb5 44.Qh6+  1-0

[Event "Bundesliga 2006-7"]
[Site "Tegernsee GER"]
[Date "2007.02.24"]
[Round "10"]
[White "Muse,M"]
[Black "Postny,E"]
[Result "1/2-1/2"]
[WhiteElo "2445"]
[BlackElo "2616"]

1.d4 Nf6 2.c4 e6 3.Nf3 b6 4.a3 Bb7 5.Nc3 d5 6.Qa4+ Bc6 7.Qc2 dxc4 8.e4 b5
9.Bg5 Be7 10.O-O-O O-O 11.h4 h6 12.d5 exd5 13.exd5 Be8 14.Ne4  1/2-1/2

[Event "23rd Open"]
[Site "Cappelle la Grande FRA"]
[Date "2007.03.03"]
[Round "1"]
[White "Grooten,H"]
[Black "Shneider,A"]
[Result "0-1"]
[WhiteElo "2387"]
[BlackElo "2532"]

1.d4 Nf6 2.c4 e6 3.Nf3 b6 4.a3 Ba6 5.Qc2 Bb7 6.Nbd2 d5 7.cxd5 exd5 8.g3 Bd6
9.Bg2 Nbd7 10.b4 O-O 11.O-O Re8 12.Re1 c5 13.bxc5 bxc5 14.dxc5 Nxc5 15.Bb2 Rc8
16.Qf5 Nfe4 17.Nxe4 Nxe4 18.Qg4 g6 19.Rac1 Rc4 20.Ng5 Nxf2 21.Qf3 Qxg5 22.Rxc4 dxc4
23.Qxb7 Rb8 24.Bc1 Qc5 25.Qf3 Nd3+ 26.Be3 Nxe1 27.Qf2 Rb1  0-1

[Event "4NCL 2006-07"]
[Site "Wokefield Park ENG"]
[Date "2007.03.04"]
[Round "8"]
[White "Gordon,S"]
[Black "Chandler,M"]
[Result "1/2-1/2"]
[WhiteElo "2486"]
[BlackElo "2548"]

1.d4 Nf6 2.c4 e6 3.Nf3 b6 4.a3 d5 5.cxd5 exd5 6.Nc3 Be7 7.Bf4 O-O 8.e3 Nh5
9.Bg3 g6 10.Be2 Be6 11.Ne5 Nxg3 12.hxg3 Bf6 13.Nd3 c5 14.dxc5 bxc5 15.Rc1 Nd7
16.Bf3 Rb8 17.Qd2 c4 18.Nb4 Ne5 19.Kf1 a5 20.Nbxd5 Nxf3 21.Nxf6+ Qxf6 22.gxf3 Qxf3
23.Rh4 Rfd8 24.Qc2 Rd3 25.Kg1 Rbd8 26.Rf4 Qb7 27.Ne4 Qe7 28.g4 h6 29.b4 axb4
30.axb4 Qxb4 31.Kh2 Qb3 32.Kg3 g5 33.Nf6+ Kf8 34.Re4 Qxc2 35.Rxc2 Ke7 36.Nh5 Rd1
37.Kg2 Kd6 38.Ng3 Bd5 39.Rxc4 Bxc4 40.Rxc4 Kd5 41.Rc7 Ke6 42.Rc6+ R1d6 43.Rxd6+ Rxd6
44.Nf5 Ra6 45.Nxh6 Ra4 46.Kf3 Ra7  1/2-1/2

[Event "Mediterranean Flower WGM"]
[Site "Rijeka CRO"]
[Date "2007.03.06"]
[Round "5"]
[White "Golubenko,Valen"]
[Black "Sudakova,I"]
[Result "1/2-1/2"]
[WhiteElo "2261"]
[BlackElo "2381"]

1.d4 Nf6 2.c4 e6 3.Nf3 b6 4.a3 c5 5.d5 Ba6 6.Qc2 exd5 7.cxd5 g6 8.e4 Bxf1
9.Kxf1 Bg7 10.Bg5 d6 11.h4 h6 12.Bf4 O-O 13.Nc3 a6 14.a4 Qe7 15.h5 Nxh5 16.Rxh5 gxh5
17.g3 f5 18.exf5 Nd7 19.Nh4 Ne5 20.Re1 Qf7 21.Qd2 Rfe8 22.Ne4 Rad8 23.f6 Bf8
24.b3 Ng4 25.Nf5 Qg6 26.Nh4 Qf7 27.Nf5 Qg6 28.Nh4 Qf7 29.Nf5 Qg6  1/2-1/2

[Event "23rd Open"]
[Site "Cappelle la Grande FRA"]
[Date "2007.03.09"]
[Round "8"]
[White "Le Roux,JP"]
[Black "Chernyshov,K"]
[Result "0-1"]
[WhiteElo "2486"]
[BlackElo "2556"]

1.d4 Nf6 2.c4 e6 3.Nf3 b6 4.a3 Bb7 5.Nc3 Ne4 6.Nxe4 Bxe4 7.Bf4 Bxf3 8.exf3 Bd6
9.Be3 Qf6 10.Qd2 Nc6 11.c5 bxc5 12.dxc5 Be5 13.Rd1 O-O 14.Qxd7 Ne7 15.Bd3 Rad8
16.Qa4 Bxb2 17.O-O Nd5 18.Bd2 g6 19.Qc4 Kg7 20.Rb1 Qd4 21.Qxd4+ Bxd4 22.Rfc1 Rb8
23.Bb5 Ne7 24.Kf1 c6 25.Ba4 Rfd8 26.Bb4 e5 27.Ke2 Rd7 28.Rb3 Rc8 29.Rd3 Nd5
30.Bd2 Rb7 31.Rc2 Ne7 32.g3 Rb1 33.f4 Nf5 34.g4 e4 35.Rh3 Nh6 36.Rc4 Ba1
37.Rg3 f5 38.g5 Ng8 39.Rb4 Rxb4 40.axb4 Ne7 41.Ra3 Bb2 42.Ra2 Bd4 43.Bb3 Rc7
44.Ra6 Kf8 45.Bc4 Rb7 46.h4 Ke8 47.Ra3 Nd5 48.b5 Rc7 49.Bxd5 cxd5 50.c6 Bc5
51.Ra6 d4 52.Ra4 Ke7 53.Ba5 Rc8 54.Bb4 Kd6 55.Bd2 Kd5 56.Ke1 Rb8 57.Ra5 Bb6
58.Ra1 Kc5 59.Rb1 Bc7 60.Bb4+ Kc4 61.Be7  0-1

[Event "TCh-AUT 2006-7"]
[Site "Mattersburg AUT"]
[Date "2007.03.09"]
[Round "9"]
[White "Knoll,H"]
[Black "Schneider Zinner,H"]
[Result "1/2-1/2"]
[WhiteElo "2409"]
[BlackElo "2361"]

1.d4 Nf6 2.Nf3 e6 3.c4 b6 4.a3 Ba6 5.Qc2 Bb7 6.Nc3 c5 7.e4 cxd4 8.Nxd4 Bc5
9.Nb3 Nc6 10.Bg5 h6 11.Bh4 Nd4 12.Nxd4 Bxd4 13.Bd3 Qb8 14.O-O Be5 15.Bg3 Bxg3
16.hxg3 O-O 17.Qe2 d6 18.Rfd1 Qc7 19.Rac1 Qc6 20.b4 Rad8 21.Nb5 a6 22.Nd4 Qc8
23.f3 Qb8 24.Qf2 Ba8 25.Nb3 Nd7 26.Bf1 Ne5 27.Rd4 a5 28.Rcd1 axb4 29.axb4 Nc6
30.R4d2 Nxb4 31.Rb2 d5 32.exd5 exd5 33.c5 d4 34.Rxd4 Rxd4 35.Qxd4 Nc6 36.Qf2 bxc5
37.Nxc5 Qa7 38.Ra2 Qe7 39.Bb5 Nb4 40.Re2 Qg5 41.f4 Qd5 42.Rd2 Qf5 43.Rb2 Nd5
44.Bd3 Qh5 45.Be2 Qf5 46.Bd3  1/2-1/2

[Event "Mediterranean Flower WGM"]
[Site "Rijeka CRO"]
[Date "2007.03.10"]
[Round "9"]
[White "Golubenko,Valen"]
[Black "Kopinits,A"]
[Result "1-0"]
[WhiteElo "2261"]
[BlackElo "2177"]

1.Nf3 Nf6 2.c4 e6 3.d4 b6 4.a3 Ba6 5.Qc2 Bb7 6.Nc3 c5 7.Bg5 cxd4 8.Nxd4 Nc6
9.Nxc6 Bxc6 10.e4 Qb8 11.Bd3 h6 12.Bh4 Bd6 13.Bg3 O-O 14.Qe2 Be5 15.O-O g5
16.Rae1 Kg7 17.f4 gxf4 18.Bh4 Bxc3 19.bxc3 Qe5 20.Rf3 Rg8 21.Ref1 Nxe4 22.Rxf4 f5
23.Bf2 Qxc3 24.Bxe4 Bxe4 25.Rd1 e5 26.Rxd7+ Kh8 27.Rxe4 fxe4 28.Qxe4 Qc1+
29.Be1 Rxg2+ 30.Kxg2 Rg8+ 31.Bg3  1-0

[Event "ch-RUS U20 Girls"]
[Site "Saint Petersburg RUS"]
[Date "2007.03.17"]
[Round "7"]
[White "Dolgova,O"]
[Black "Kovanova,B"]
[Result "1-0"]
[WhiteElo "2245"]
[BlackElo "2334"]

1.d4 Nf6 2.c4 e6 3.Nf3 b6 4.a3 Ba6 5.Qc2 Bb7 6.Nc3 c5 7.dxc5 bxc5 8.Bg5 Be7
9.e4 d6 10.Rd1 Qb6 11.h3 Nbd7 12.Be2 O-O 13.O-O h6 14.Bf4 Qc6 15.Bd3 Rfd8
16.Rfe1 e5 17.Nd5 Bf8 18.Be3 a5 19.g4 Re8 20.Kh1 g6 21.Rg1 Qc8 22.Rg3 Bg7
23.Rdg1 Bc6 24.Nh4 Kh7 25.Qd2 Rb8 26.R3g2 Bxd5 27.cxd5 c4 28.Rc1 Qd8 29.Rxc4 Nxd5
30.exd5 Qxh4 31.b4 axb4 32.axb4 Qxh3+ 33.Rh2 Qf3+ 34.Kg1 e4 35.Be2 Qf6 36.Bg5 Qa1+
37.Rc1 Qe5 38.Bxh6 Qxh2+ 39.Kxh2 Bxh6 40.g5 e3 41.Qd4 Bxg5 42.f4 Bh6 43.Rc7 Bg7
44.Qa7 Ra8 45.Qb7 Ra2 46.Qb5 Re7 47.Kg3 Bf6 48.Rxd7 Rxd7 49.Qxd7 Rxe2 50.Qxf7+ Bg7
51.f5 Rf2 52.Qxg6+ Kg8 53.Qe8+ Bf8 54.Qxe3 Rxf5 55.Qe6+ Rf7 56.b5 Kg7 57.Qxf7+  1-0

[Event "VIII Dos Hermanas Internet"]
[Site "ICC INT"]
[Date "2007.03.23"]
[Round "1.1"]
[White "Arkell,K"]
[Black "Zhang Zhong"]
[Result "1-0"]
[WhiteElo "2474"]
[BlackElo "2618"]

1.d4 Nf6 2.Nf3 e6 3.c4 b6 4.a3 Bb7 5.Nc3 d5 6.cxd5 Nxd5 7.e3 Be7 8.Bb5+ c6
9.Ba4 O-O 10.O-O Nd7 11.e4 Nxc3 12.bxc3 c5 13.Re1 cxd4 14.cxd4 Nf6 15.Bc2 Rc8
16.Bg5 Nd7 17.Bf4 Re8 18.Qd2 Nf8 19.Ba4 Bc6 20.Bxc6 Rxc6 21.d5 exd5 22.exd5 Rc8
23.d6 Bf6 24.Rxe8 Qxe8 25.Re1 Qd8 26.Be5 Rc6 27.Bxf6 Qxf6 28.d7 Rd6 29.Qb4 Rxd7
30.h4 h6 31.Re8 Qd6 32.Qxd6 Rxd6 33.Ra8 Rd7 34.Ne5 Rc7 35.h5 a5 36.Rb8 a4
37.f4 Re7 38.Rxb6 f6 39.Ng6 Nxg6 40.hxg6 Re8 41.Ra6 Kf8 42.Rxa4 Re3 43.Ra8+ Ke7
44.Ra7+ Ke6 45.Kf2 Rb3 46.g4 f5 47.Ra6+ Ke7 48.gxf5 Rc3 49.Ra7+ Kf8 50.f6 gxf6
51.Rf7+ Kg8 52.Rxf6 Rxa3 53.f5 Rb3 54.Rf7 Rb4 55.Kf3 Rb5 56.Kf4 Rb4+ 57.Ke5 Rb5+
58.Ke4 Rb4+ 59.Kf3 Rb3+ 60.Kg4 Rb1 61.Rc7 Rg1+ 62.Kf4 Re1 63.f6 Rf1+ 64.Ke5 Re1+
65.Kd4 Rd1+ 66.Ke3 Re1+ 67.Kf2  1-0

[Event "Rector Cup w"]
[Site "Kharkiv UKR"]
[Date "2007.03.26"]
[Round "11"]
[White "Dvoretska,O"]
[Black "Aketaeva,D"]
[Result "1/2-1/2"]
[WhiteElo "2164"]
[BlackElo "2260"]

1.c4 e6 2.d4 Nf6 3.Nf3 b6 4.a3 Bb7 5.Nc3 Be7 6.d5 d6 7.dxe6 fxe6 8.g3 O-O
9.Bh3 e5 10.O-O Ne4 11.Nd5 c6 12.Nxe7+ Qxe7 13.Qd3 c5 14.Nh4 Rd8 15.Bg2 Nf6
16.Nf5 Qc7 17.Bxb7 Qxb7 18.Bg5 Rd7 19.Bxf6 gxf6 20.Nxd6 Qc6 21.Rad1 Na6 22.Nf5 Rxd3
23.Ne7+ Kf7 24.Nxc6 Rxd1 25.Rxd1 Ke6 26.e3 Nc7 27.b4 cxb4 28.axb4 a5 29.c5 bxc5
30.bxa5 Nd5 31.e4 Nc3 32.Nd8+ Ke7 33.Nc6+ Ke6 34.Nd8+  1/2-1/2

[Event "Vladimir Zak mem"]
[Site "St Petersburg RUS"]
[Date "2007.03.29"]
[Round "6"]
[White "Pankov,Ger"]
[Black "Valov,I"]
[Result "1-0"]
[WhiteElo "2321"]
[BlackElo "2302"]

1.d4 Nf6 2.Nf3 e6 3.c4 b6 4.a3 Bb7 5.Nc3 d5 6.cxd5 Nxd5 7.Qc2 Be7 8.Bd2 Nxc3
9.Bxc3 O-O 10.e4 Nd7 11.Bd3 c5 12.Qe2 cxd4 13.Nxd4 Nc5 14.Bc2 Ba6 15.Nb5 Qd7
16.a4 Rfd8 17.O-O Rac8 18.Rfd1 Qe8 19.Qg4 g6 20.Rxd8 Rxd8 21.Qf4 Bxb5 22.axb5 Qxb5
23.Rxa7 Nd3 24.Qc7 Qc5 25.Qxc5 Bxc5 26.Bf6  1-0

[Event "8th ch-Euro"]
[Site "Dresden GER"]
[Date "2007.04.03"]
[Round "1"]
[White "Grooten,H"]
[Black "Kacheishvili,G"]
[Result "0-1"]
[WhiteElo "2387"]
[BlackElo "2587"]

1.d4 Nf6 2.c4 e6 3.Nf3 b6 4.a3 Ba6 5.Qc2 c5 6.e4 cxd4 7.e5 Ng8 8.Nxd4 Ne7
9.Nc3 Nbc6 10.Ndb5 Bxb5 11.Nxb5 Nf5 12.Bf4 g5 13.Bxg5 Qxg5 14.Nc7+ Ke7 15.Nxa8 Bh6
16.Nxb6 Nfd4 17.Nd5+ exd5 18.Qc3 Rb8 19.b4 Qxe5+ 20.Kd1 Nb3 21.Qxe5+ Nxe5
22.Rb1 dxc4 23.g3 Nd2 24.Rb2 Nef3 25.Bg2 d5 26.Rc2 a5 27.Rc3 axb4 28.axb4 d4
29.Rxf3 Nxf3 30.Bxf3 Rxb4 31.Re1+ Kd6 32.Re4 d3 33.Rd4+ Ke5 34.Re4+ Kf6 35.Ke1 Rb1+
36.Bd1 c3  0-1

[Event "1st Archil Ebralidze Mem"]
[Site "Tbilisi GEO"]
[Date "2007.04.05"]
[Round "3"]
[White "Bagaturov,G"]
[Black "Magalashvili,D"]
[Result "1-0"]
[WhiteElo "2478"]
[BlackElo "2474"]

1.d4 Nf6 2.c4 e6 3.Nf3 b6 4.a3 Ba6 5.Qc2 Bb7 6.Nc3 c5 7.dxc5 Bxc5 8.Bg5 Be7
9.e3 O-O 10.Be2 a6 11.O-O h6 12.Bh4 d6 13.Rfd1 Qc7 14.a4 Rd8 15.Nd4 Nbd7
16.a5 Rac8 17.axb6 Nxb6 18.Qb3 Rd7 19.Na4 Nxa4 20.Qxa4 Ne4 21.Bxe7 Rxe7 22.Qa5 Qxa5
23.Rxa5 Rec7 24.Ra3 Nc5 25.b4 Nd7 26.Nb3 Ne5 27.Na5 d5 28.Nxb7 Rxb7 29.cxd5 Rxb4
30.f4 Ng6 31.dxe6 fxe6 32.Rxa6 Nf8 33.Rad6 Kf7 34.Rd8 Rc3 35.Kf2 Rb2 36.R1d2 Rxd2
37.Rxd2 Ke7 38.Ra2 Nd7 39.Ra1 Rb3 40.Kf3 Rb4 41.Bd1 Kd6 42.Ba4 Nc5 43.Be8 Rb8
44.Bg6 Nd7 45.Ra6+ Ke7 46.Ra7 Kd6 47.h4 Rf8 48.h5 Rb8 49.g4 Rb4 50.Be8 Nf6
51.Rxg7 Nxe8 52.Rg6 Ke7 53.Rxh6 Nf6 54.g5 Nd5 55.Rh8 Kd6 56.g6 e5 57.g7 e4+
58.Kg3 Ne7 59.Re8  1-0

[Event "8th ch-Euro"]
[Site "Dresden GER"]
[Date "2007.04.06"]
[Round "4"]
[White "Kunin,V"]
[Black "Khairullin,I"]
[Result "1/2-1/2"]
[WhiteElo "2507"]
[BlackElo "2586"]

1.d4 Nf6 2.Nf3 e6 3.c4 b6 4.a3 Ba6 5.b3 d5 6.cxd5 exd5 7.g3 Bd6 8.Bg2 O-O
9.O-O Re8 10.Nc3 Nbd7 11.Re1 Rc8 12.b4 Bb7 13.Nb5 Ne4 14.Qb3 a6 15.Nxd6 cxd6
16.Bf4 b5 17.h4 Nb6 18.Rac1 Rc4 19.Ng5 Nf6 20.Nf3 Qc7 21.Qb1 Qd7 22.Nd2 Rxc1
23.Qxc1 Ne4 24.Nxe4 dxe4 25.Kh2 Bd5 26.Qa1 h6 27.Rc1 Bc4 28.Bh3 Be6 29.Bg2 Bc4
30.Bh3 f5 31.Qb2 Nd5 32.Qd2 Qe6 33.Be3 Rc8 34.Rg1 Nf6 35.Bf4 Bb3 36.Rc1 Bc4
37.Rg1 Kf7 38.Rc1 Nd5 39.Rg1 Nf6 40.Rc1 Nd5 41.Rg1 Bb3 42.Rc1 Rxc1 43.Qxc1 Bc4
44.Qd2 Qf6 45.Kg1 Qe6 46.Kh2 Kf6 47.Be3 Nxe3 48.Qxe3 g5 49.hxg5+ hxg5 50.Bf1 d5
51.Kg1 Qd6 52.Qc3 Ke7  1/2-1/2

[Event "FSIMB April"]
[Site "Budapest HUN"]
[Date "2007.04.07"]
[Round "1"]
[White "Werner,Di"]
[Black "Ignacz,M"]
[Result "1/2-1/2"]
[WhiteElo "2358"]
[BlackElo "2238"]

1.d4 Nf6 2.c4 e6 3.Nf3 b6 4.a3 Bb7 5.Nc3 Be7 6.d5 O-O 7.e4 exd5 8.cxd5 Re8
9.Bd3 d6 10.O-O c5 11.h3 Nbd7 12.Bf4 a6 13.a4 Nf8 14.Bh2 Ng6 15.Re1 Nd7 16.Bf1 Qc7
17.Nd2 Bf6 18.Nc4 Nde5 19.Ne3 Nd7 20.Nc4 Nde5 21.Ne3 Nd7  1/2-1/2

[Event "II Rapid"]
[Site "Canada de Calatrava ESP"]
[Date "2007.04.07"]
[Round "6"]
[White "Krasenkow,M"]
[Black "Gomez Esteban,J"]
[Result "1-0"]
[WhiteElo "2651"]
[BlackElo "2517"]

1.d4 Nf6 2.c4 e6 3.Nf3 b6 4.a3 Bb7 5.Nc3 d5 6.cxd5 Nxd5 7.Qc2 Nd7 8.e4 Nxc3
9.bxc3 Be7 10.Bd3 O-O 11.O-O c5 12.Qe2 Rc8 13.e5 cxd4 14.cxd4 Re8 15.a4 Nf8
16.Be3 Qd5 17.Rfb1 Bc6 18.h4 h6 19.h5 Red8 20.Qf1 Rc7 21.Nd2 Qd7 22.Qd1 Bd5
23.Qg4 Kh8 24.Ne4 Nh7 25.a5 bxa5 26.Rxa5 Rb7 27.Rba1 Rdb8 28.Ra6 Qc7 29.Rc1 Qd7
30.Nc3 Bc6 31.d5 Bxd5 32.Nxd5 exd5 33.Bf5 Qb5 34.Bxh6 Bg5 35.Bxg5 Qxa6 36.Bc8 Nxg5
37.Qxg5 Qb6 38.e6 fxe6 39.h6 Rf7 40.hxg7+ Kg8 41.Qh6 Qxf2+ 42.Kh1 Rxg7 43.Bxe6+ Kf8
44.Qh8+ Ke7 45.Qxg7+ Kxe6 46.Rc6+  1-0

[Event "Kaupthing GM"]
[Site "Reykjavik ISL"]
[Date "2007.04.08"]
[Round "8"]
[White "Thorfinnsson,Br"]
[Black "Kjartansson,G"]
[Result "1-0"]
[WhiteElo "2384"]
[BlackElo "2279"]

1.d4 Nf6 2.c4 e6 3.Nf3 b6 4.a3 Bb7 5.Nc3 d5 6.cxd5 Nxd5 7.Bd2 Nd7 8.Qc2 c5
9.e4 Nxc3 10.Bxc3 cxd4 11.Bxd4 Rc8 12.Bc3 Be7 13.Rd1 Qc7 14.Bb5 Bc6 15.Nd4 Bxb5
16.Nxb5 Qc4 17.Qe2 a6 18.Nd6+ Bxd6 19.Rxd6 Rc6 20.Qxc4 Rxc4 21.O-O Ke7 22.Rfd1 Rd8
23.f3 g6 24.g4 g5 25.Bb4 Ke8 26.Bd2 h6 27.Bc3 Ke7 28.Bg7 Rc7 29.e5 Rb8 30.Kf2 f6
31.exf6+ Nxf6 32.Bxf6+ Kxf6 33.Re1 Re7 34.b4 Rbb7 35.Kg3 b5 36.Rxa6 Rbd7
37.Re3 Rd2 38.Rb6 Rd5 39.Rc3 Ra7 40.Re3 Re7 41.h4 Re8 42.h5 Re7 43.Ra6 Kf7
44.Rc6 Kf6 45.Rec3 Ra7 46.Rc7 Rd7 47.Rxd7 Rxd7 48.Rc5 Rd3 49.Rxb5 Rxa3 50.Rb7 Rb3
51.b5 Rb2 52.b6 Rb4 53.Kf2 Rb3 54.Rb8 Ke5 55.b7 Kd6 56.Rd8+ Kc7 57.b8=Q+ Rxb8
58.Rxb8 Kxb8 59.f4  1-0

[Event "FSIMA April"]
[Site "Budapest HUN"]
[Date "2007.04.09"]
[Round "3"]
[White "Petran,Pa"]
[Black "Gauri,S"]
[Result "1/2-1/2"]
[WhiteElo "2389"]
[BlackElo "2126"]

1.d4 Nf6 2.c4 e6 3.Nf3 b6 4.a3 Bb7 5.Nc3 d5 6.Qc2 Be7 7.cxd5 Nxd5 8.e4 Nxc3
9.bxc3 O-O 10.Bd3 c5 11.O-O Qc8 12.Qe2 Ba6 13.Rd1 Bxd3 14.Rxd3 cxd4 15.cxd4 Nd7
16.Bf4 Qa6 17.Ne5 Nxe5 18.Bxe5 f6 19.Bg3 Rfd8 20.Qd1 Rac8 21.h4 Bd6 22.Qf3 Bxg3
23.Qxg3 Rd7 24.Rad1 Rcd8 25.h5 h6 26.d5 exd5 27.exd5 Qc4 28.Rd4 Qc5 29.Qg4 Rd6
30.a4 Qc7 31.Qf3 Qf7 32.g4 Kh8 33.Kg2 a6 34.Qd3 Qb7 35.f3 b5 36.axb5 axb5
37.Qe4 Qf7 38.Qg6 Kg8 39.Kf2 f5 40.Qxf7+  1/2-1/2

[Event "8th ch-Euro"]
[Site "Dresden GER"]
[Date "2007.04.13"]
[Round "10"]
[White "Anastasian,A"]
[Black "Van Wely,L"]
[Result "0-1"]
[WhiteElo "2552"]
[BlackElo "2674"]

1.d4 Nf6 2.c4 e6 3.Nf3 b6 4.a3 Ba6 5.Qc2 Bb7 6.Nc3 c5 7.dxc5 bxc5 8.Bg5 Be7
9.e3 d6 10.Be2 Nbd7 11.O-O O-O 12.Rfd1 a6 13.Nd2 Qc7 14.Bf3 Rab8 15.Bf4 Bxf3
16.Nxf3 Nh5 17.Rd2 Nxf4 18.exf4 g6 19.h4 Nf6 20.Re1 Rfd8 21.Ng5 Bf8 22.Qd1 Bg7
23.Re3 d5 24.cxd5 exd5 25.Nxd5 Nxd5 26.Rxd5 Bd4 27.Rxd8+ Qxd8 28.Rd3 Rxb2
29.Nf3 Qb8 30.Rxd4 cxd4 31.Qxd4 Qb6  0-1

[Event "Abierto"]
[Site "Berazategui ARG"]
[Date "2007.04.20"]
[Round "3"]
[White "Recoulat,E"]
[Black "Lafuente,P"]
[Result "0-1"]
[WhiteElo "2261"]
[BlackElo "2447"]

1.d4 Nf6 2.c4 e6 3.Nf3 b6 4.a3 Bb7 5.Nc3 d5 6.cxd5 Nxd5 7.Bd2 Be7 8.Qc2 O-O
9.e4 Nxc3 10.Bxc3 c5 11.dxc5 bxc5 12.Rd1 Qc7 13.Bd3 Nd7 14.O-O Bc6 15.Rfe1 a5
16.Nd2 Nb6 17.Rc1 Na4 18.Nc4 Nxc3 19.Qxc3 Rfd8 20.Rcd1 Rd4 21.Bc2 Bb5 22.b3 Bxc4
23.bxc4 Bf6 24.Rxd4 Bxd4 25.Qg3 Be5 26.Qh4 Rd8 27.Rd1 Rxd1+ 28.Bxd1 Qd7 29.Be2 g6
30.Qh3 Qd2 31.Qd3 Qe1+ 32.Bf1 Bd4 33.Qc2 a4 34.g3 Qa1 35.Kg2 Qxa3 36.Bd3 Qb4
37.Qa2 a3 38.Bc2 Qe1 39.Bd3 Qxf2+  0-1

[Event "9th Open"]
[Site "Dubai UAE"]
[Date "2007.04.25"]
[Round "4"]
[White "Roghani,A"]
[Black "Anastasian,A"]
[Result "0-1"]
[WhiteElo "2375"]
[BlackElo "2552"]

1.d4 Nf6 2.c4 e6 3.Nf3 b6 4.a3 Bb7 5.Nc3 d5 6.cxd5 exd5 7.Bf4 a6 8.e3 Bd6
9.Bg3 O-O 10.Ne5 Nbd7 11.Rc1 Qe7 12.Nxd7 Qxd7 13.Bxd6 Qxd6 14.Be2 c5 15.dxc5 bxc5
16.Bf3 Rab8 17.O-O d4 18.Bxb7 Rxb7 19.Na4 Rb5 20.Qf3 Re8 21.Rfd1 h6 22.g3 Ne4
23.b4 cxb4 24.Rxd4 Qe6 25.Qe2 bxa3 26.Ra1 Reb8 27.Rxa3 Rb1+ 28.Rd1 Rxd1+
29.Qxd1 Qf5 30.Qc2 Qf3 31.Rb3 Rxb3 32.Qxb3 Qxf2+  0-1

[Event "President's Cup Rapid"]
[Site "Ankara TUR"]
[Date "2007.04.28"]
[Round "6"]
[White "Bayram,Y"]
[Black "Esen,B"]
[Result "0-1"]
[WhiteElo "2317"]
[BlackElo "2455"]

1.d4 Nf6 2.c4 e6 3.Nf3 b6 4.a3 Bb7 5.Nc3 d5 6.cxd5 Nxd5 7.e3 g6 8.Bb5+ c6
9.Be2 Bg7 10.Qb3 O-O 11.O-O c5 12.Ne5 Nd7 13.f4 cxd4 14.exd4 Nxe5 15.dxe5 Nxc3
16.Qxc3 Rc8 17.Qe3 Rc2 18.Rd1 Qa8 19.Rd2 Rxd2 20.Bxd2 Bxg2 21.Bb4 Rc8 22.Bc3 Bf8
23.Rd1 Bd5 24.f5 Bc5 25.Bd4 exf5 26.Ba6 Bh1 27.Bf1 Qe4 28.Bxc5 Rxc5 29.Qxe4 Bxe4
30.b4 Rc7 31.Kf2 Kf8 32.Ke3 Ke7 33.Bb5 g5 34.h4 h6 35.hxg5 hxg5 36.Rg1 f6
37.Kd4 Rc8 38.Ke3 fxe5 39.Rxg5 Kf6 40.Rh5 Rc3+ 41.Kd2 Rxa3  0-1

[Event "Open"]
[Site "Halkidiki GRE"]
[Date "2007.05.01"]
[Round "4"]
[White "Vragoteris,A"]
[Black "Jevtic,Mir"]
[Result "1-0"]
[WhiteElo "2326"]
[BlackElo "2132"]

1.d4 Nf6 2.c4 e6 3.Nf3 b6 4.a3 Bb7 5.Nc3 d5 6.cxd5 Nxd5 7.e4 Nxc3 8.bxc3 Bxe4
9.Ne5 c6 10.Qe2 Bf5 11.g4 Qd5 12.gxf5 Qxh1 13.Nxf7 Be7 14.Qxe6 Nd7 15.Bg5 Nf6
16.Bxf6 gxf6 17.Nxh8 Qf3 18.Qg8+ Kd7 19.Qe6+ Ke8 20.Rc1 Rd8 21.Be2 Qh3 22.Qxc6+ Rd7
23.Qc8+  1-0

[Event "TCh-RUS HL"]
[Site "Sochi RUS"]
[Date "2007.05.03"]
[Round "1"]
[White "Pankov,Ger"]
[Black "Ogloblin,N"]
[Result "1/2-1/2"]
[WhiteElo "2321"]
[BlackElo "2384"]

1.d4 Nf6 2.c4 e6 3.Nf3 b6 4.a3 Bb7 5.Nc3 Ne4 6.Nxe4 Bxe4 7.Nd2 Bg6 8.e4 Nc6
9.d5 Nd4 10.Nf3 Nxf3+ 11.Qxf3 Bc5 12.Bd3 O-O 13.Be3 exd5 14.cxd5 Bxe3 15.Qxe3 f5
16.O-O f4 17.Qh3 Qe7 18.Rac1 Qd6 19.e5 Qxe5 20.Bxg6 hxg6 21.Qxd7 Rf7 22.Qe6 Qxe6
23.dxe6 Re7 24.Rc6 Rd8 25.h4 Rd2 26.Rfc1 Re2 27.Rxc7 R2xe6 28.Rxe7 Rxe7 29.Rc2 Kh7
30.Kh2 g5 31.Kh3 gxh4 32.Kxh4 f3 33.gxf3 Re6 34.f4 Kg6 35.Kg4 Kf6 36.Rc7 a6
37.a4 Re4 38.Rc6+ Kf7 39.Rxb6 Rxa4 40.Kg5 Ra1 41.b4 a5 42.Rb7+ Kg8 43.b5 a4
44.Ra7 Rb1 45.Rxa4 Rxb5+ 46.f5 Rb2 47.f3 Rg2+ 48.Rg4 Rf2 49.Kf4 Kf7 50.Rg6 Rf1  1/2-1/2

[Event "TCh-RUS HL"]
[Site "Sochi RUS"]
[Date "2007.05.06"]
[Round "4"]
[White "Babula,V"]
[Black "Shaposhnikov,E"]
[Result "1/2-1/2"]
[WhiteElo "2586"]
[BlackElo "2550"]

1.d4 Nf6 2.c4 e6 3.Nf3 b6 4.a3 Ba6 5.Qc2 Bb7 6.Nc3 c5 7.e4 cxd4 8.Nxd4 d6
9.Be2 Be7 10.O-O O-O 11.Be3 a6 12.Rfd1 Qc7 13.Rac1 Nbd7 14.f3 Rac8 15.b4 Rfe8
16.Qa2 Qb8 17.Bf2 Nh5 18.Bf1 Bg5 19.Rc2 Bf4  1/2-1/2